Soviet army / (Record no. 642579)
[ view plain ]
| 000 -LEADER | |
|---|---|
| fixed length control field | 00255nam a22001097a 4500 |
| 082 ## - DEWEY DECIMAL CLASSIFICATION NUMBER | |
| Classification number | 355 |
| Item number | BOR.S |
| 100 ## - MAIN ENTRY--AUTHOR NAME | |
| Personal name | Borisov, B |
| 245 ## - TITLE STATEMENT | |
| Title | Soviet army / |
| Statement of responsibility, etc | by B Borisov and V Ryabov |
| 260 ## - PUBLICATION, DISTRIBUTION, ETC. (IMPRINT) | |
| Place of publication | Moscow : |
| Name of publisher | Foreign language, |
| 300 ## - PHYSICAL DESCRIPTION | |
| Number of Pages | 131p. : |
| 942 ## - ADDED ENTRY ELEMENTS (KOHA) | |
| Koha item type | Book |
| Withdrawn status | Lost status | Source of classification or shelving scheme | Damaged status | Not for loan | Home Library | Current Location | Date acquired | Full call number | Accession Number | Price effective from | Koha item type |
|---|---|---|---|---|---|---|---|---|---|---|---|
| Dewey Decimal Classification | Dept. of Political Science | Dept. of Political Science | 17/05/2024 | 355 BOR.S | POL6134 | 20/05/2022 | Book |
